000 01938nam0a2200385 4500
001 RU\NLR\BIBL_A\022705681
005 20260319130733.0
010 _a978-5-6055156-0-9
_9230
021 _aRU
_bКН-П-25-072401
_9КН-П-25-7016
035 _a(NLR Aleph) 022705681
090 _a13639383
_c13639383
100 _a20260121d2025 u y0rusy50 ca
101 0 _arus
_deng
102 _aRU
105 _aacb z 000yy
181 0 _ai2
_baxxe
181 0 _ab2
_bbb2e
182 0 _an
200 1 _aАтлас ресурсов туризма Тихоокеанской России
_f[Косолапов А. Б., Сазыкин А. М., Шведов В. Г. и др.]
_gответственные редакторы: Тюняткин Д. Г., Ермошин В. В.
_gРусское географическое общество [и др.]
203 _aТекст
_aИзображение
_bвизуальные
_cнепосредственные
210 _aВладивосток
_cТИГ ДВО РАН
_d2025
215 _a159 с.
_cцв. ил., портр., карт.
_d31
300 _aАвт. указаны на с. 159
606 1 _aТуристские ресурсы
_jАтласы
_yРоссийская Федерация
_yДальний Восток
_92700332
_3RU\NLR\AUTH\6601767422
686 1 _aЧ518.14(2Р55)я6
701 1 _aКосолапов
_bА. Б.
_gАлександр Борисович
701 1 _aСазыкин
_bА. М.
701 1 _7ca
_8rus
_aШведов
_bВ. Г.
_cд-р геогр. наук
_gВячеслав Геннадьевич
_928427
_3RU\NLR\AUTH\7745490
702 1 _aТюняткин
_bД. Г.
_gДмитрий Геннадьевич
_4340
712 0 2 _4570
_aРусское географическое общество
_cСанкт-Петербург
_9290445
_3RU\NLR\AUTH\888971
942 _cBOOK
980 _aNB